El Cerro de Alarcos (Ciudad Real) : formación y desarrollo de un oppidum ibérico : 20 años de excavaciones arqueológicas en el Sector III /

This title presents results from the archaeological research which has been carried out since 1997 in Sector III of the Alarcos site, located a few kilometres from Ciudad Real. The research has made it possible to understand the communities that, from the end of the Bronze Age to the end of the Iron...

وصف كامل

محفوظ في:

المؤلفون الرئيسيون: García Huerta, Rosario (مؤلف), Morales Hervás, Javier (مؤلف), Rodríguez González, David (مؤلف)

مؤلف مشترك: Universidad de Castilla-La Mancha. Vicerrectorado de Investigación (sponsoring body.)

التنسيق: كتاب الكتروني

اللغة: Spanish

منشور في: Oxford : Archaeopress Archaeology, 2020.

الموضوعات:

الوصول للمادة أونلاين: Login to view Source

الوسوم: إضافة وسم

لا توجد وسوم, كن أول من يضع وسما على هذه التسجيلة!

رقم الطلب: DP402

LEADER 02534nam a2200469 i 4500
001 EDZ0002367213
003 StDuBDS
005 20230412182854.0
006 m|||||o||d||||||||
007 cr |||||||||||
008 200924s2020 enka fob 000|0|spa|d
020 |a 9781789696929 (PDF ebook) :  |c No price 
040 |a StDuBDS  |b eng  |c StDuBDS  |e rda  |e pn 
050 4 |a DP402 
082 0 4 |a 936.645  |2 23 
100 1 |a García Huerta, Rosario,  |e author. 
245 1 3 |a El Cerro de Alarcos (Ciudad Real) :  |b formación y desarrollo de un oppidum ibérico : 20 años de excavaciones arqueológicas en el Sector III /  |c Ma del Rosario García Huerta, Francisco Javier Morales Hervás, David Rodríguez González. 
264 1 |a Oxford :  |b Archaeopress Archaeology,  |c 2020. 
300 |a 1 online resource (159 pages) :  |b illustrations (black and white, and colour) 
336 |a text  |2 rdacontent 
336 |a still image  |2 rdacontent 
337 |a computer  |2 rdamedia 
338 |a online resource  |2 rdacarrier 
500 |a "Available in both print and Open Access"--Homepage. 
500 |a "Este libro ha sido parcialmente financiado por el Vicerrectorado de InvestigaciØn de la Universidad de Castilla-La Mancha"--Title page verso. 
500 |a Also issued in print: 2020. 
504 |a Includes bibliographical references. 
506 0 |a Open access. 
520 8 |a This title presents results from the archaeological research which has been carried out since 1997 in Sector III of the Alarcos site, located a few kilometres from Ciudad Real. The research has made it possible to understand the communities that, from the end of the Bronze Age to the end of the Iron Age, inhabited this town and its surrounding area. 
521 |a Specialized. 
588 |a Description based on online resource; title from PDF title page (viewed on November 4, 2020). 
650 0 |a Excavations (Archaeology)  |z Spain  |z Ciudad Real (Province) 
650 0 |a Excavations (Archaeology)  |z Spain  |z Alarcos. 
651 0 |a Alarcos (Spain)  |x Antiquities. 
700 1 |a Morales Hervás, Javier,  |e author. 
700 1 |a Rodríguez González, David,  |e author. 
710 2 |a Universidad de Castilla-La Mancha.  |b Vicerrectorado de Investigación,  |e sponsoring body. 
776 0 8 |i Print version :  |z 9781789696912 
856 4 0 |3 Archaeopress  |u http://library.arce.org:8087/Archaeopress/Products/9781789696912 
942 |2 lcc  |c EBOOK 
952 |0 0  |1 0  |4 0  |6 DP0402  |7 1  |9 46729  |a ARCH  |b ARCH  |d 2023-04-12  |l 0  |o DP402  |r 2023-04-12 00:00:00  |w 2023-04-12  |y EBOOK 
999 |c 52387  |d 52387